Water Percentages - Statistics

General Stats
  • This quiz has been taken 29 times
  • The average score is 9 of 14
Answer Stats
Picture Hint Answer % Correct
Cucumber 96%
100%
Watermelon 92%
90%
Banana 75%
80%
Grapes 80%
70%
Human Adult 60%
60%
Celery 85%
60%
Peach 89%
60%
Apple 86%
50%
Pineapple 87%
50%
Orange 87%
50%
Carrot 88%
50%
Broccoli 89%
50%
Strawberry 91%
50%
Tomato 94%
50%
No matching quizzes found
Score Distribution
Percent of People with Each Score
Percentile by Number Answered
Your Score History
You have not taken this quiz